Skip to main content
Your cart is empty.
Your lists
Log in to create your own lists
Your cookies
العربية
English
العربية
Home
Search
Advanced search
Authority search
About
The noble scholar, jurist, historian
His Excellency Dr. Abdul Wahhab bin Ibrahim Abu Sulaiman, may Allah have mercy on him.
He was born in Umm Al-Qura in the year 1356 AH.
Library catalog
Title
Author
Subject
ISBN
ISSN
Series
Call number
Log in to your account
×
Login:
Password:
Home
MARC view: كتيب تعريفي بمجلة البحوث والدراسات القرآنية ونبذة مختصرة عن أعمال المجمع العلمية /
Normal view
MARC view
ISBD view
كتيب تعريفي بمجلة البحوث والدراسات القرآنية ونبذة مختصرة عن أعمال المجمع العلمية / (Record no. 6785)
[
view plain
]
MARC details
000 -LEADER
fixed length control field
01812cam a2200325 i 4500
003 - CONTROL NUMBER IDENTIFIER
control field
SA-RiAUC
005 - DATE AND TIME OF LATEST TRANSACTION
control field
20250408081312.0
008 - FIXED-LENGTH DATA ELEMENTS--GENERAL INFORMATION
fixed length control field
250329s2006 su g f000r0 ara c
040 ## - CATALOGING SOURCE
Original cataloging agency
SA-DmIAFU
Language of cataloging
ara
Transcribing agency
SA-RiAUC
Description conventions
rda
043 ## - GEOGRAPHIC AREA CODE
Geographic area code
a-su---
050 #4 - LIBRARY OF CONGRESS CALL NUMBER
Item number
.M35 2006
082 04 - DEWEY DECIMAL CLASSIFICATION NUMBER
Classification number
220.7205
090 ## - LOCALLY ASSIGNED LC-TYPE CALL NUMBER (OCLC); LOCAL CALL NUMBER (RLIN)
Classification number (OCLC) (R) ; Classification number, CALL (RLIN) (NR)
220.7205
Local cutter number (OCLC) ; Book number/undivided call number, CALL (RLIN)
م ج م
110 2# - MAIN ENTRY--CORPORATE NAME
Corporate name or jurisdiction name as entry element
مجمع الملك فهد لطباعة المصحف الشريف.
Subordinate unit
الأمانة العامة
Relator term
مؤلف.
245 10 - TITLE STATEMENT
Title
كتيب تعريفي بمجلة البحوث والدراسات القرآنية ونبذة مختصرة عن أعمال المجمع العلمية /
Statement of responsibility, etc.
الأمانة العامة، مجمع خادم الحرمين الشريفين الملك فهد لطباعة المصحف الشريف.
246 35 - VARYING FORM OF TITLE
Title proper/short title
Introduction to the-journal of Qur'anic research and studies
264 #1 - PRODUCTION, PUBLICATION, DISTRIBUTION, MANUFACTURE, AND COPYRIGHT NOTICE
Place of production, publication, distribution, manufacture
[المدينة المنورة] :
Name of producer, publisher, distributor, manufacturer
مجمع خادم الحرمين الشريفين الملك فهد لطباعة المصحف الشريف، الأمانة العامة،
Date of production, publication, distribution, manufacture, or copyright notice
2006
300 ## - PHYSICAL DESCRIPTION
Extent
صفحة
336 ## - CONTENT TYPE
Content type term
نص
Content type code
txt
Source
rdacontent
Materials specified
كتاب
337 ## - MEDIA TYPE
Media type term
بدون وسيط
Media type code
n
Source
rdamedia
338 ## - CARRIER TYPE
Carrier type term
مجلد
Carrier type code
nc
Source
rdacarrier
610 27 - SUBJECT ADDED ENTRY--CORPORATE NAME
Corporate name or jurisdiction name as entry element
مجمع الملك فهد لطباعة المصحف الشريف
Source of heading or term
aucnm
630 27 - SUBJECT ADDED ENTRY--UNIFORM TITLE
Uniform title
القرآن
General subdivision
بحوث
Form subdivision
دوريات
Source of heading or term
aucut
630 07 - SUBJECT ADDED ENTRY--UNIFORM TITLE
Uniform title
مجلة البحوث والدراسات القرآنية (المدينة المنورة)
Source of heading or term
aucut
650 #7 - SUBJECT ADDED ENTRY--TOPICAL TERM
Topical term or geographic name entry element
طباعة المصاحف
Geographic subdivision
المدينة المنورة
General subdivision
جمعيات، إلخ.
Source of heading or term
aucsh
730 00 - ADDED ENTRY--UNIFORM TITLE
Uniform title
مجلة البحوث والدراسات القرآنية (المدينة المنورة)
856 4# - ELECTRONIC LOCATION AND ACCESS
Uniform Resource Identifier
<a href="http://10.0.0.80:201/Ar/60000000064556-1%20(2).pdf">http://10.0.0.80:201/Ar/60000000064556-1%20(2).pdf</a>
942 ## - ADDED ENTRY ELEMENTS (KOHA)
Source of classification or shelving scheme
Dewey Decimal Classification
Koha item type
Books
Suppress in OPAC
No
949 ## - LOCAL PROCESSING INFORMATION (OCLC)
a
SA-JeALM
d
250329
u
mohamedma123
n
1
Holdings
Withdrawn status
Lost status
Source of classification or shelving scheme
Damaged status
Not for loan
Home library
Current library
Date acquired
Total checkouts
Full call number
Barcode
Date last seen
Price effective from
Koha item type
Dewey Decimal Classification
DR AbdElwahab Library
DR AbdElwahab Library
04/08/2025
220.7205 م ج م
000011844
04/08/2025
04/08/2025
Books
Dewey Decimal Classification
DR AbdElwahab Library
DR AbdElwahab Library
04/08/2025
220.7205 م ج م
000011845
04/08/2025
04/08/2025
Books
Place hold
Print
Add to your cart
(remove)
Save record
BIBTEX
Dublin Core
MARCXML
MARC (non-Unicode/MARC-8)
MARC (Unicode/UTF-8)
MARC (Unicode/UTF-8, Standard)
MODS (XML)
RIS
ISBD
More searches
Search for this title in:
Other Libraries (WorldCat)
Other Databases (Google Scholar)
Online Stores (Bookfinder.com)
Open Library (openlibrary.org)
Exporting to Dublin Core...
×
Simple DC-RDF
OAI-DC
SRW-DC